Biblioteca y Centro de Documentación

Vista normal Vista MARC

Entrada Nombre corporativo

Número de registros utilizados en: 31

001 - NÚMERO DE CONTROL

  • Campo de control: 2029

003 - IDENTIFICADOR DE NÚMERO DE CONTROL

  • Campo de control: ES-MaCES

005 - FECHA Y HORA DE LA ULTIMA MODIFICACION

  • Campo de control: 20161014112456.0

008 - ELEMENTOS DE DATOS DE LONGITUD FIJA

  • Campo de longitud fija: 981120 | azznnaabn |n ana d

035 ## - NÚMERO DE CONTROL DEL SISTEMA

  • Número de control del sistema: CES19980000022e

040 ## - FUENTE DE LA CATALOGACIÓN

  • Agencia original de catalogación: ES-MaCES
  • Idioma de catalogación: spa
  • Agencia de transcripción: ES-MaCES

110 2# - ENCABEZAMIENTO--NOMBRE CORPORATIVO

  • Nombre corporativo o de jurisdicción como elemento de entrada: Comisión de las Comunidades Europeas
  • Unidad subordinada: Dirección General de Asuntos Económicos y Financieros

410 ## - TRAZADO VEÁSE--NOMBRE CORPORATIVO

  • Nombre corporativo o de jurisdicción como elemento de entrada: European Commission
  • Unidad subordinada: Directorate-General for Economic and Financial Affairs

410 ## - TRAZADO VEÁSE--NOMBRE CORPORATIVO

  • Nombre corporativo o de jurisdicción como elemento de entrada: ECFIN

670 ## - FUENTE DE DATOS ENCONTRADOS

  • Fuente de citación: http://europa.eu.

901 ## - CES. DATOS SIRTEX

  • ID Sirtex (N5N8): 0001800000002
  • 005BIS Sirtex: 199811201730MIG
© CES, Consejo Económico y Social de España 2021